01461nam a22003257a 4500003000400000005001700004008004100021040002200062082001800084100003000102245003000132260006000162300002100222366000800243490002900251505010000280505017300380505001200553650006000565650005200625650005300677650004300730650004500773650005600818650004700874700003600921942002900957999001500986952013401001OSt20230621125659.0221006b |||||||| |||| 00| 0 eng d cBiblioteca Lado V a709.05bG851a 9855aGriffin, Timeeditor aArtforum/bInternacional/ aNew Yorkc1993bNew York editorial and business offices c26.5x27cma120p. espa aFebrerov1993x0864-1315 tCOLUMNSaCulture Wars Ecoculture Glamour Wounds Secret Vices Real Life Rock American Myths tFEATURESgProfane Iluminations When in Videodrome Alex Katz Went Looking for Africa Real Time Travel Lockdown The End of the World has Already Happened Openings tREVIEWS 2Tesauro de Arte & ArquitecturaaARTE COMTEMPORANEO9703 2Tesauro de Arte & ArquitecturaaFOTOGRAFIA9702 2Tesauro de Arte & ArquitecturaaARTE VISUAL9702 2Tesauro de Arte & ArquitecturaaLIBROS 2Tesauro de Arte & ArquitecturaaNOTICIAS 2 Tesauro de Arte & ArquitecturaaARTE INTERNACIONAL 2 Tesauro de Arte & ArquitecturaaESCULTURA aNavarreta, Jose Antonioeeditor 2ddcc1h709.05iG851an0 c3906d3906 00102ddc3199340708RevistasaLVbLVd2023-06-21hFebreroi002491l0o709.05 G851ap002491r2023-06-21 00:00:00w2023-06-21y1